Đặc điểm tục ngữ Khmer ở Đồng bằng Sông Cửu Long Báo cáo tổng kết đề tài nghiên cứu khoa học cấp trường

שמור ב:
מידע ביבליוגרפי
מחבר ראשי: Nguyễn, Thị Kiều Tiên
Nhiều tác giả của công ty: Trường Đại học Trà Vinh, Hội đồng Khoa học
מחברים אחרים: Nguyễn Thị Kiều Tiên
שפה:Undetermined
יצא לאור: Trà Vinh Trường Đại học Trà Vinh 2014
נושאים:
תגים: הוספת תג
אין תגיות, היה/י הראשונ/ה לתייג את הרשומה!
Thư viện lưu trữ: Trung tâm Học liệu Trường Đại học Trà Vinh
LEADER 00839nam a2200265Ia 4500
001 TVU_21221
008 210423s9999 xx 000 0 und d
041 |a Vie 
082 |a 398.9 
082 |b T305 
100 |a Nguyễn, Thị Kiều Tiên 
245 0 |a Đặc điểm tục ngữ Khmer ở Đồng bằng Sông Cửu Long 
245 0 |b Báo cáo tổng kết đề tài nghiên cứu khoa học cấp trường 
245 0 |c Nguyễn Thị Kiều Tiên 
260 |a Trà Vinh 
260 |b Trường Đại học Trà Vinh 
260 |c 2014 
300 |a 140 tr. 
300 |b minh họa 
300 |c 30 cm 
650 |a Tục ngữ Khmer 
700 |a Nguyễn Thị Kiều Tiên 
710 |a Trường Đại học Trà Vinh 
710 |b Hội đồng Khoa học 
980 |a Trung tâm Học liệu Trường Đại học Trà Vinh